Tribhuvan University Central Library

Students perception on working as a part Timer and Learning English. (Record no. 92016)

MARC details
000 -LEADER
fixed length control field 00406nam a22001337a 4500
008 - FIXED-LENGTH DATA ELEMENTS--GENERAL INFORMATION
fixed length control field 200202b xxu||||| |||| 00| 0 eng d
082 ## - DEWEY DECIMAL CLASSIFICATION NUMBER
Classification number CD16132
100 ## - MAIN ENTRY--PERSONAL NAME
Personal name Adhikari, Balaram
245 ## - TITLE STATEMENT
Title Students perception on working as a part Timer and Learning English.
260 ## - PUBLICATION, DISTRIBUTION, ETC. (IMPRINT)
Place of publication, distribution, etc Kathmandu:
Date of publication, distribution, etc 2015
502 ## - DISSERTATION NOTE
Dissertation note Dissertation
Degree type Degree in English, (Education)
Name of granting institution TU
650 ## - SUBJECT ADDED ENTRY--TOPICAL TERM
Topical term or geographic name as entry element English language
942 ## - ADDED ENTRY ELEMENTS (KOHA)
Source of classification or shelving scheme Dewey Decimal Classification
Koha item type Audio Visual Materials
Holdings
Withdrawn status Lost status Source of classification or shelving scheme Damaged status Not for loan Home library Current library Date acquired Total Checkouts Full call number Barcode Date last seen Price effective from Koha item type
    Dewey Decimal Classification     Tribhuvan University Central Library Tribhuvan University Central Library 02/02/2020   CD16132 A16083 02/02/2020 02/02/2020 Audio Visual Materials